Geography & geographers : Anglo-American human geography since 1945 /

Bibliographic Details
Main Author: Johnston, R. J. (Ronald John)
Other Authors: Sidaway, James D.
Format: Book
Language:English
Published: London : Arnold ; 2004.
Edition:6th ed.
Subjects:

MARC

Tag First Indicator Second Indicator Subfields
LEADER 00000cam a2200000Ia 4500
001 in00002000217
005 20151031123003.0
008 040311s2004 enka b 001 0 eng d
015 |a GB A4-Y2507 
020 |a 0340808608 
035 |a (OCoLC)ocm55614384 
040 |a EQO  |c EQO  |d OUN  |d TXA  |d UtOrBLW 
049 |a TXAM 
082 0 |a 304.209045  |2 22 
090 |a GF13  |b .J63 2004 
100 1 |a Johnston, R. J.  |q (Ronald John) 
245 1 0 |a Geography & geographers :  |b Anglo-American human geography since 1945 /  |c R.J. Johnston, J.D. Sidaway. 
246 1 8 |a Geography and geographers. 
250 |a 6th ed. 
264 1 |a London :  |b Arnold ;  |c 2004. 
264 2 |a New York :  |b Distributed in the United States of America by Oxford University Press, 
300 |a xiv, 527 pages :  |b illustrations ;  |c 24 cm. 
336 |a text  |b txt  |2 rdacontent 
337 |a unmediated  |b n  |2 rdamedia 
338 |a volume  |b nc  |2 rdacarrier 
500 |a Previous edition: 1997. 
504 |a Includes bibliographical references (pages 409-496) and indexes. 
650 0 |a Human geography  |z Great Britain  |x History  |y 20th century. 
650 0 |a Human geography  |z United States  |x History  |y 20th century. 
700 1 |a Sidaway, James D. 
948 |a cataloged  |b h  |c 2004/10/13  |d c  |e eneff  |f 12:20:10 pm 
994 |a E0  |b TXA 
999 |a MARS 
999 f f |s 5451d58c-4389-3348-82e1-92c938b013b4  |i 752ba40d-0128-3f8d-9779-5ac40a94f3a7  |t 0 
952 f f |p ric  |a Texas A&M University  |b Rellis Campus  |c Joint Library Facility  |d Remote Storage  |t 0  |e GF13 .J63 2004  |h Library of Congress classification  |i unmediated -- volume  |m A14831113312 
998 f f |a GF13 .J63 2004  |t 0  |l Remote Storage